000 00981cab a22002415a 4500
001 L152458
008 110309e20110211xxk 000 0 eng d
035 _a(Sirsi) u152458
041 0 _aeng
100 1 _aLowery, Dave
245 0 0 _aWorld in action
_bglobal construction spend will reach £7.5tn by 2020 ... but only a fraction of that will take place on UK soil
260 _c2011
490 _aBuilding
_v276 (8668) 4 March 2011, 26-27(2)
520 _aInvestigates some of the global construction hotspots and explains how to get in on the action; countries to watch are China, Australia and the emerging markets; charts illustrating the 15 largest construction markets in 2010 and 2020; data from Global Construction 2020.
590 _aKA
651 4 _aInternational
651 4 _aChina
651 4 _aAustralia
690 _aBUILT ENVIRONMENT-CONSTRUCTION MARKET
710 _aGlobal Construction Perspectives
_95940
710 _aOxford Economics
942 _n0
999 _c82974
_d82974